000 00674nam a2200253Ia 4500
003 OSt
005 20220928114533.0
006 a|||||r|||| 00| 0
007 ta
008 220927b |||||||| |||| 00| 0 eng d
024 _a52683
037 _cTextual
040 _aSDCL
_cSDCL
_beng
041 _2eng
_aeng
082 _aR4, L1
100 _aWeinberg R
_9439531
245 0 _aEthics .
260 _aLondon
_bHotl, Rinehart and Winston
_c1971
300 _ax,166p.
_ccm.
490 _vV III. Problems in philosophy Inquiry .
700 _a Yandell Keith
_9439532
942 _hR4, L1
_cTEXL
_2CC
999 _c755222
_d755222